000 01069nam a2200313 a 4500
001 000000421
003 OSt
005 20250519123339.0
008 081204s2008 dr a f000 0 spa d
020 _a9789945436143
040 _aDO-SdBNP
_bspa
_cBNPHU
082 _a618.2
_bR426n, 2008
110 1 _aRepública Dominicana.
_bSecretaría de Salud Pública y Asistencia Social
_91405
245 1 0 _aNormas nacionales de atención a la mujer durante el embarazo, parto y puerperio /
_cpresentación Bautista Rojas Gómez.
250 _a2a. ed. revisada y corregida
260 _aSanto Domingo :
_bSESPAS,
_c2008.
300 _a75 p. ;
_c22 cm.
490 1 _aNormas nacionales
_v5
504 _aBibliografías : p. 67-68
590 _aInventariado, 2018/DG
650 0 _aEmbrazo
_91406
650 4 _aParto
_91407
650 4 _aPuerperio
_91408
650 4 _aSalud pública
_zRepública Dominicana
_xNormas
_91409
700 1 2 _aRojas Gómez, Bautista
_91410
830 0 _aNormas nacionales
_v5
_91411
910 _aValidado. Control de calidad MFF
942 _2ddc
_cLBS1
999 _c419
_d419